LEADER 01395nam0-22004211i-450 001 990003366300403321 005 20230926181124.0 100 $a20030910d1979----km-y0itay50------ba 101 0 $aita 102 $aIT 105 $ayf------001yy 200 1 $a<>mercato delle assicurazioni marittime a Napoli nel Settecento$estoria della Real compagnia, 1751-1802$fFranca Assante 210 $aNapoli$cGiannini$d1979 215 $a345 p., tav.$d24 cm 225 1 $aQuaderni della Facoltà di scienze politiche$fUniversità di Napoli$v7 610 0 $aNapoli$aReal compagnia delle assicurazioni marittime$aStoria 676 $a368.23$v5 700 1$aAssante,$bFranca$f<1935- >$037576 801 0$aIT$bUNINA$gRICA$2UNIMARC 901 $aBK 912 $a990003366300403321 952 $aN7.10$b2023$fDECTS 952 $aSEZNAASS368A$b5617A$fDECBC 952 $aSEZNAASS368B$b5617C$fDECBC 952 $aN7.10-BS$b10244$fDECTS 952 $a368 ASS 1$bST.MED.MOD. 10209$fFLFBC 952 $aSE 00A.01.11-2$b3113$fDECSE 952 $aSE 00A.01.11-1$b3112$fDECSE 952 $aUNIV. 24 7$b10422$fFSPBC 952 $aXI A 964$b18292$fFSPBC 952 $aDFT E15 ASSF 02$fFLFBC 959 $aDECBC 959 $aDECTS 959 $aFLFBC 959 $aDECSE 959 $aFSPBC 996 $aMercato delle assicurazioni marittime a Napoli nel Settecento$966906 997 $aUNINA